Reliez le prénom à la personnalité (Louis, François ou Claude) - Statistiques

Statistiques générales
  • Ce quiz a été pris 569 fois
  • Le résultat moyen est 24 sur 35
Statistiques - réponses
Hint Réponse % Correct
Mitterrand François
99%
de Funès Louis
99%
Armstrong Louis
96%
Fillon François
90%
Hollande François
89%
Damiens François
88%
Pasteur Louis
86%
Lelouch Claude
81%
Civil François
81%
Vuitton Louis
81%
Brasseur Claude
80%
Monet Claude
80%
François Claude
79%
Cluzet François
79%
Truffaut François
77%
Bertignac Louis
76%
Nougaro Claude
74%
Zidi Claude
70%
Lévi-Strauss Claude
69%
Braille Louis
68%
Piéplu Claude
67%
Chedid Louis
67%
Garrel Louis
66%
Berri Claude
64%
Aragon Louis
61%
Chabrol Claude
56%
Berléand François
51%
de Malherbe François
51%
Morel François
49%
Debussy Claude
47%
Ozon François
47%
Villiers François
46%
Malle Louis
45%
Lesage François
38%
Corbier François
33%
Aucun quiz correspondant
Distribution des résultats
% des personnes avec chaque résultat
Percentile par nombre de réponses
Votre historique - résultats
Vous n’avez pas pris ce quiz